Statistiques concernant Les fruits dans le titre de films

Cliquez ici pour prendre le quiz!

Statistiques générales

  • Ce quiz a été pris 491 fois
  • Le résultat moyen est 8 sur 14

Statistiques - réponses

TitreMot% Correct
La ... sur le gâteaucerise
100%
Chapeau ... et bottes de cuirmelon
85%
Opération casse-...noisette
84%
Vanille ...fraise
82%
Peau de ...banane
67%
La reine des ...pommes
65%
Les ... de la colèreraisins
65%
Tintin et les ... bleuesoranges
60%
Beignets de ... vertestomates
47%
La blonde ...framboise
45%
Trocadero bleu ...citron
40%
L'odeur de la ... vertepapaye
30%
... chérieclémentine
24%
La couleur de la ...grenade
11%

Distribution des résultats

Percentile par nombre de réponses

% des personnes avec chaque résultat

Votre développement - résultats

Vous n’avez pas pris ce quiz